[Event "Wch FIDE Online U16 Africa qual"]
[Site "Tornelo INT"]
[Date "2020.11.30"]
[Round "6"]
[White "Boulaares, Adam"]
[Black "Elharrak, Youssef"]
[Result "0-1"]
[WhiteElo "1440"]
[BlackElo "1023"]
[PlyCount "92"]
[EventDate "2020.11.28"]
[EventType "swiss (rapid)"]
[EventRounds "7"]
[EventCountry "ISS"]
[SourceTitle "EXT 2022"]
[Source "ChessBase"]
[SourceDate "2021.10.06"]
[SourceVersion "1"]
[SourceVersionDate "2021.10.06"]
[SourceQuality "1"]

1. e4 c5 2. Nc3 d6 3. g3 Nc6 4. Bg2 Nf6 5. d3 g6 6. f4 Bg7 7. Nf3 0-0 8. 0-0 Qb6 9. Kh1 Be6 10. h3 h6 11. g4 h5 12. f5 hxg4 13. hxg4 Bd7 14. Nh2 Rac8 15. g5 Nh5 16. Nd5 Ng3+ 17. Kg1 Bd4+ 18. Rf2 Qa6 19. f6 e6 20. Ne3 Ne5 21. Nf3 Bxe3 22. Nxe5 Bxc1 23. Nxd7 Bxb2 24. Nxf8 Rxf8 25. Kh2 Be5 26. d4 cxd4 27. Kg1 d3 28. Rc1 Ne2+ 29. Rxe2 dxe2 30. Qe1 Qb6+ 31. Kh1 Qe3 32. Rb1 Bg3 33. Rb3 Qxb3 34. Qxe2 Qb1+ 35. Bf1 Rc8 36. c4 Be5 37. Qg2 Rxc4 38. Qh3 Rc1 39. Qh6 Rxf1+ 40. Kg2 Rg1+ 41. Kf3 Qf1+ 42. Ke3 Rg3+ 43. Kd2 Qd3+ 44. Ke1 Re3+ 45. Kf2 Qd2+ 46. Kf1 Re1# 0-1

[Event "Wch FIDE Online U16 Africa qual"]
[Site "Tornelo INT"]
[Date "2020.11.30"]
[Round "7"]
[White "Elharrak, Youssef"]
[Black "Modi, Yashil"]
[Result "1-0"]
[WhiteElo "1023"]
[BlackElo "2099"]
[PlyCount "75"]
[EventDate "2020.11.28"]
[EventType "swiss (rapid)"]
[EventRounds "7"]
[EventCountry "ISS"]
[SourceTitle "EXT 2022"]
[Source "ChessBase"]
[SourceDate "2021.10.06"]
[SourceVersion "1"]
[SourceVersionDate "2021.10.06"]
[SourceQuality "1"]

1. e4 e5 2. Nf3 Nc6 3. Bc4 Bc5 4. c3 Nf6 5. d3 0-0 6. 0-0 d6 7. b4 Bb6 8. a4 a6 9. Nbd2 Ne7 10. a5 Ba7 11. Re1 Ng6 12. h3 Qe7 13. Nf1 Be6 14. Qb3 Nh5 15. Bg5 Qd7 16. d4 Bxc4 17. Qxc4 Nhf4 18. dxe5 dxe5 19. Rad1 Qc8 20. Bxf4 exf4 21. e5 Re8 22. N1d2 Re7 23. Qd3 Qe8 24. Qe4 Qc6 25. Qxc6 bxc6 26. Nc4 Rae8 27. h4 h5 28. Kf1 c5 29. bxc5 Bxc5 30. Rd5 Ba7 31. Rb1 Rb8 32. Rxb8+ Bxb8 33. Rd8+ Nf8 34. Rxb8 Rd7 35. Ke2 Rd5 36. Nd4 Rc5 37. e6 fxe6 38. Rxf8+ 1-0